Statistics for Women in the WSL 23-24

Click here to take the quiz!

General Stats

  • This quiz has been taken 147 times
  • The average score is 118 of 292

Answer Stats

HintAnswer% Correct
ArsenalBeth Mead
94%
Brighton & Hove AlbionLi Mengwen
93%
ArsenalLeah Williamson
90%
ArsenalKatie McCabe
88%
ArsenalLia Wälti
84%
Manchester UnitedRachel Williams
84%
ArsenalVivianne Miedema
84%
ChelseaMillie Bright
82%
ChelseaSam Kerr
82%
Arsenal
Alessia Russo
81%
Manchester CityChloe Kelly
81%
Arsenal
Stina Blackstenius
81%
Manchester UnitedElla Toone
81%
ChelseaLauren James
81%
ArsenalManuela Zinsberger
81%
Aston VillaRachel Daly
81%
Manchester CityLauren Hemp
79%
Manchester UnitedMary Earps
79%
ChelseaAnn-Katrin Berger
78%
Brighton & Hove AlbionKatie Robinson
78%
Manchester United
Katie Zelem
76%
ArsenalCaitlin Foord
75%
ArsenalKim Little
75%
Tottenham HotspurBethany England
73%
Arsenal
Sabrina D'Angelo
73%
Arsenal
Victoria Pelova
73%
Manchester UnitedMillie Turner
73%
ArsenalSteph Catley
73%
Manchester UnitedLeah Galton
72%
Manchester CityKhadija Shaw
70%
Westham UnitedKatie O'Hanlon
69%
Brighton & Hove AlbionKatie Startup
69%
ArsenalKyra Cooney-Cross
69%
ArsenalLotte Wubben-Moy
69%
ChelseaJess Carter
67%
ArsenalNaomi Williams
67%
ChelseaHannah Hampton
66%
Manchester CityEllie Roebuck
64%
ArsenalEmily Fox
64%
Aston VillaJordan Nobbs
64%
Aston VillaAnna Leat
63%
Aston VillaAnna Patten
63%
ArsenalCloé Lacasse
63%
Manchester CityKhiara Keating
63%
Leicester CityAsmita Ale
61%
Aston VillaRachel Corsie
61%
Manchester CityAlex Greenwood
60%
Arsenal
Laura Wienroither
60%
Bristol CityElla Powell
60%
Tottenham HotspurGrace Clinton
60%
Manchester CityJess Park
60%
ArsenalLaia Codina
60%
Manchester CityLaura Coombs
60%
ChelseaErin Cuthbert
58%
Westham UnitedKatrina Gorry
58%
Westham UnitedMackenzie Arnold
58%
Manchester CityMary Fowler
58%
ChelseaNiamh Charles
58%
ArsenalAmanda Ilestedt
57%
Tottenham HotspurAmy Turner
57%
ChelseaFran Kirby
57%
Manchester CityJill Roord
57%
Bristol CityRachel Furness
57%
ChelseaGuro Reiten
55%
Manchester CityLaura Blindkilde
55%
Bristol CityLisa Evans
55%
Manchester CitySteph Houghton
55%
Arsenal
Teyah Goldie
54%
ArsenalFrida Maanum
54%
EvertonHanna Bennison
54%
Manchester UnitedHannah Blundell
54%
Manchester UnitedMaya Le Tissier
54%
Leicester CitySam Tierney
54%
ChelseaZećira Mušović
54%
Bristol CityMari Ward
52%
Aston VillaAlisha Lehmann
51%
Aston VillaDanielle Turner
51%
Manchester CityEsme Morgan
51%
Manchester UnitedGeyse
51%
LiverpoolGrace Fisk
51%
Leicester CityJess Reavill
51%
ArsenalLina Hurtig
51%
Bristol CityChloe Mustaki
49%
EvertonEmma Bissell
49%
Westham UnitedEmma Harries
49%
LiverpoolEmma Koivisto
49%
Brighton & Hove AlbionEmma Kullberg
49%
Westham UnitedEmma Snerle
49%
Bristol CityErin Foley
49%
Manchester UnitedLisa Naalsund
49%
ChelseaSophie Ingle
49%
Brighton & Hove AlbionTaylor Smith
49%
Manchester City
Laia Aleixandri
48%
Tottenham HotspurEllie Brazil
48%
ChelseaJorja Fox
48%
Westham UnitedKirsty Smith
48%
Tottenham HotspurMartha Thomas
48%
Manchester UnitedNikita Parris
48%
Brighton & Hove AlbionSophie Baggaley
48%
EvertonEmily Ramsey
46%
Manchester UnitedEmma Watson
46%
Leicester CityHannah Cain
46%
Aston VillaLucy Parker
46%
LiverpoolSophie Roman Haug
46%
Westham United
Kristie Mewis
45%
Bristol CityEmily Syme
45%
ChelseaÈve Périsset
45%
ArsenalKaylan Marckese
45%
Leicester CitySophie Howard
45%
ChelseaAggie Beever-Jones
43%
Manchester CityAlanna Kennedy
43%
ChelseaAshley Lawrence
43%
Tottenham Hotspur
Amanda Nildén
43%
Manchester UnitedGemma Evans
43%
EvertonLucy Hope
43%
LiverpoolTaylor Hinds
43%
Bristol CityCarrie Jones
42%
Aston VillaKenza Dali
42%
LiverpoolLucy Parry
42%
Aston VillaLucy Staniforth
42%
Aston VillaNoelle Maritz
42%
EvertonCourtney Brosnan
40%
Leicester CityCourtney Nevin
40%
Aston VillaDaphne van Domselaar
40%
LiverpoolGemma Bonner
40%
Brighton & Hove AlbionGuro Bergsvand
40%
Manchester UnitedLucía García
40%
Manchester UnitedMelvine Malard
40%
LiverpoolNiamh Fahey
40%
Bristol CityFran Bentley
39%
Bristol CityMaya Kendall
39%
Tottenham HotspurAshleigh Neville
37%
Tottenham HotspurCelin Bizet Ildhusøy
37%
Manchester CityKerstin Casparij
37%
ChelseaMia Fishel
37%
ArsenalSarah Bouhaddi
37%
EvertonSara Holmgaard
37%
Manchester CityYui Hasegawa
37%
Bristol CityFfion Morgan
36%
ChelseaMaren Mjelde
36%
Aston VillaMiri Taylor
36%
LiverpoolMissy Bo Kearns
36%
ChelseaNathalie Björn
36%
Aston VillaSarah Mayling
36%
Aston VillaAdriana Leon
34%
Tottenham HotspurCharlotte Grant
34%
Leicester CityJosie Green
34%
Aston VillaMaz Pacheco
34%
EvertonMegan Finnigan
34%
Westham UnitedMegan Walsh
34%
LiverpoolMia Enderby
34%
Leicester CityMonique Robinson
34%
ChelseaSjoeke Nüsken
34%
Tottenham HotspurKit Graham
33%
Manchester CityLeila Ouahabi
33%
Brighton & Hove AlbionMaria Thorisdottir
33%
ChelseaMayra Ramírez
33%
Bristol CityMegan Connolly
33%
Brighton & Hove AlbionPoppy Pattinson
33%
Manchester CityRuby Mace
33%
LiverpoolTeagan Micah
33%
Bristol CityAbi Harrison
31%
Bristol CityAmy Rodgers
31%
EvertonAurora Galli
31%
ChelseaCatarina Macario
31%
Aston VillaEbony Salmon
31%
Aston VillaGeorgia Mullett
31%
Manchester UnitedJayde Riviere
31%
ChelseaKadeisha Buchanan
31%
ChelseaMelanie Leupolz
31%
Leicester CityMissy Goodwin
31%
Bristol CityNaomi Layzell
31%
LiverpoolRachael Laws
31%
Westham UnitedViviane Asseyi
31%
Leicester CityDeanne Rose
30%
Tottenham HotspurDrew Spence
30%
Brighton & Hove AlbionElisabeth Terland
30%
Manchester UnitedHayley Ladd
30%
Manchester UnitedIrene Guerrero
30%
ChelseaJohanna Rytting Kaneryd
30%
Aston VillaKirsty Hanson
30%
Tottenham HotspurMolly Bartrip
30%
Bristol CityOlivia Clark
30%
Manchester UnitedPhallon Tullis-Joyce
30%
Manchester CitySandy MacIver
30%
EvertonClare Wheeler
28%
Manchester UnitedEvie Rabjohn
28%
Manchester UnitedGabby George
28%
Westham UnitedHawa Cissoko
28%
Leicester CityJanice Cayman
28%
LiverpoolJenna Clark
28%
Tottenham HotspurJessica Naz
28%
Brighton & Hove AlbionLily Dent
28%
Westham UnitedRiko Ueki
28%
Tottenham HotspurRosella Ayane
28%
Bristol CitySarah Stratigakis
28%
LiverpoolShanice van de Sanden
28%
Brighton & Hove AlbionVicky Losada
28%
Leicester CityAimee Palmer
27%
Manchester UnitedAoife Mannion
27%
Manchester UnitedHinata Miyazawa
27%
ChelseaJelena Čanković
27%
EvertonKaren Holmgaard
27%
LiverpoolLeanne Kiernan
27%
ChelseaMaika Hamano
27%
EvertonMartina Piemonte
27%
Manchester CityPoppy Pritchard
27%
Tottenham HotspurRebecca Spencer
27%
Bristol CityBrooke Aspin
25%
LiverpoolCeri Holland
25%
Manchester CityDemi Stoke
25%
Manchester CityFilippa Angeldahl
25%
LiverpoolFuka Nagano
25%
Leicester CityJutta Rantala
25%
EvertonKatja Snoeijs
25%
Leicester CityLena Petermann
25%
LiverpoolMarie Höbinger
25%
Leicester CityRemy Siemsen
25%
Brighton & Hove AlbionTatiana Pinto
25%
ChelseaAniek Nouwen
24%
Leicester CityC. J. Bott
24%
EvertonHeather Payne
24%
Bristol CityJamie-Lee Napier
24%
EvertonJustine Vanhaevermaet
24%
EvertonKathrine Møller Kühl
24%
EvertonKatrine Veje
24%
Brighton & Hove AlbionLee Geum-min
24%
ChelseaNicky Evrard
24%
Tottenham HotspurOlga Ahtinen
24%
Westham UnitedRisa Shimizu
24%
Westham UnitedShelina Zadorsky
24%
Westham UnitedSoraya Walsh
24%
Bristol CityAmalie Thestrup
22%
Westham UnitedAmber Tysiak
22%
EvertonAnnie Wilding
22%
Tottenham HotspurBarbora Votíková
22%
Leicester CityJanina Leitzig
22%
Westham UnitedJessica Ziu
22%
Leicester CityJulie Thibaud
22%
EvertonLibby Hart
22%
Tottenham HotspurLuana Bühler
22%
LiverpoolMelissa Lawley
22%
Westham UnitedShannon Cooke
22%
Aston VillaSimone Magill
22%
EvertonToni Duggan
22%
Brighton & Hove AlbionVeatriki Sarri
22%
LiverpoolYana Daniëls
22%
Leicester CityAileen Whelan
21%
Brighton & Hove AlbionCharlize Rule
21%
Westham United
Princess Ademiluyi
21%
Tottenham HotspurEleanor Heeps
21%
Westham UnitedHonoka Hayashi
21%
Leicester CityLize Kop
21%
Brighton & Hove AlbionMadison Haley
21%
Brighton & Hove AlbionMaisie Symonds
21%
Tottenham HotspurRamona Petzelberger
21%
Bristol CitySatara Murray
21%
Bristol CityShania Hayles
21%
Westham UnitedAnouk Denton
19%
EvertonEleanor Dale
19%
EvertonElise Stenevik
19%
Bristol CityJasmine Bull
19%
LiverpoolJasmine Matthews
19%
Brighton & Hove AlbionJorelyn Carabalí
19%
EvertonKaroline Olesen
19%
Brighton & Hove AlbionPauline Bremer
19%
Leicester CityShannon O'Brien
19%
Leicester CitySimone Sherwood
19%
Aston VillaSophia Poor
19%
Tottenham HotspurWang Shuang
19%
Leicester CityAva Baker
18%
Brighton & Hove AlbionDejana Stefanović
18%
Tottenham HotspurEveliina Summanen
18%
Aston VillaFreya Gregory
18%
Brighton & Hove AlbionJulia Zigiotti Olme
18%
Tottenham HotspurMatilda Vinberg
18%
LiverpoolSofie Lundgaard
18%
Manchester CityTara O'Hanlon
18%
Westham UnitedAbbey-Leigh Stringer
16%
Leicester CityEmilia Pelgander
16%
Bristol CityShae Yanez
16%
EvertonAbbey Clarke
15%
Westham UnitedDagný Brynjarsdóttir
15%
Brighton & Hove AlbionMelina Loeck
15%
EvertonRikke Madsen
15%
ChelseaAshanti Akpan
13%
Leicester CitySaori Takarada
13%
Bristol CityYasmin Davies
13%
Leicester CityYuka Momiki
13%
Leicester CityDenny Draper
12%
Bristol CityManon Pearce
12%
Bristol CityAbe Noad
10%

Score Distribution

Percentile by Number Answered

Percent of People with Each Score

Your Score History

You have not taken this quiz